Thiết kế cấu tạo kiến trúc nhà công nghiệp

שמור ב:
מידע ביבליוגרפי
מחבר ראשי: Nguyễn, Minh Thái
פורמט: ספר
שפה:Vietnamese
יצא לאור: Xây dựng 2009
תגים: הוספת תג
אין תגיות, היה/י הראשונ/ה לתייג את הרשומה!
Thư viện lưu trữ: Mạng thư viện Đại học Đà Nẵng
LEADER 00649nam a2200253 4500
001 000022035
003 18483
005 20150424130431.0
008 150424s2009 viesd
020 |c 52000 
041 0 |a vie 
082 1 4 |a 725,4  |b NG-T 
100 1 |a Nguyễn, Minh Thái 
245 1 0 |a Thiết kế cấu tạo kiến trúc nhà công nghiệp  |c Nguyễn Minh Thái 
260 |b Xây dựng  |c 2009 
300 |a tr.  |c cm. 
OWN |a LSP 
999 |a From the UDN01 
TYP |a Monograph 
TYP |a Printed language 
980 |a Mạng thư viện Đại học Đà Nẵng